|
|
|
|
| LEADER |
01694nam a2200397 i 4500 |
| 001 |
EBC4938366 |
| 003 |
MiAaPQ |
| 005 |
20200122122342.0 |
| 006 |
m o d | |
| 007 |
cr cnu|||||||| |
| 008 |
200122s2017 xx o 000 0 spa d |
| 020 |
|
|
|z 9782806297006
|
| 020 |
|
|
|a 9782806296993
|q (electronic bk.)
|
| 035 |
|
|
|a (MiAaPQ)EBC4938366
|
| 035 |
|
|
|a (Au-PeEL)EBL4938366
|
| 035 |
|
|
|a (CaPaEBR)ebr11421069
|
| 035 |
|
|
|a (OCoLC)1000452079
|
| 040 |
|
|
|a MiAaPQ
|b eng
|e rda
|e pn
|c MiAaPQ
|d MiAaPQ
|
| 050 |
|
4 |
|a BF463.V45
|b .F547 2017
|
| 082 |
0 |
|
|a 401.9
|2 23
|
| 100 |
1 |
|
|a Fleron, Benjamin,
|e author.
|
| 245 |
1 |
0 |
|a Desarrolla tu agudeza verbal :
|b Los trucos para tener respuestas para todo /
|c por Benjamin Fleron ; traducido por Laura Soler Pinson.
|
| 264 |
|
1 |
|a [Place of publication not identified] :
|b 50Minutos.es,
|c [2017]
|
| 264 |
|
4 |
|c 2017
|
| 300 |
|
|
|a 1 online resource (29 pages)
|
| 336 |
|
|
|a text
|b txt
|2 rdacontent
|
| 337 |
|
|
|a computer
|b c
|2 rdamedia
|
| 338 |
|
|
|a online resource
|b cr
|2 rdacarrier
|
| 588 |
|
|
|a Description based on print version record.
|
| 590 |
|
|
|a Electronic reproduction. Ann Arbor, MI : ProQuest, 2018. Available via World Wide Web. Access may be limited to ProQuest affiliated libraries.
|
| 650 |
|
0 |
|a Verbal ability.
|
| 655 |
|
4 |
|a Electronic books.
|
| 700 |
1 |
|
|a Soler Pinson, Laura,
|e translator.
|
| 776 |
0 |
8 |
|i Print version:
|a Fleron, Benjamin.
|t Desarrolla tu agudeza verbal : Los trucos para tener respuestas para todo.
|d [Place of publication not identified] : 50Minutos.es, c2017
|h 29 pages
|z 9782806297006
|
| 797 |
2 |
|
|a ProQuest (Firm)
|
| 856 |
4 |
0 |
|u https://ebookcentral.proquest.com/lib/matrademy/detail.action?docID=4938366
|z Click to View
|